000 00566nam a2200193 a 4500
001 1766566528186
003 YourLibrary
005 20251226115021.0
008 251224s2004##################000#0#eng##
020 _a9783631519523
082 0 4 _a282.66940904
_bDIM
100 1 _aDim, Innocent O.,
_eauthor.
245 1 0 _aReception of Vatican II in Nigeria/Igbo Church with Reference to Awka Diocese :
260 _bPeter Lang Pub Incorporated,
_c2004.
300 _a516 pages
650 0 _aReligion.
942 _cENGLISH
040 _aYourLibrary
_beng
_cYourLibrary
999 _c604721
_d604721